The brilliant world of Tom Gates / (Record no. 363)
[ view plain ]
| 000 -LEADER | |
|---|---|
| fixed length control field | 01490nam a22003737a 4500 |
| 001 - CONTROL NUMBER | |
| control field | 363 |
| 003 - CONTROL NUMBER IDENTIFIER | |
| control field | FISKH |
| 005 - DATE AND TIME OF LATEST TRANSACTION | |
| control field | 20230329111916.0 |
| 008 - FIXED-LENGTH DATA ELEMENTS--GENERAL INFORMATION | |
| fixed length control field | 230329b cb ||||| |||| 00| 0 eng d |
| 020 ## - INTERNATIONAL STANDARD BOOK NUMBER | |
| International Standard Book Number | 9781407120690 (pbk.) |
| 040 ## - CATALOGING SOURCE | |
| Original cataloging agency | DLC |
| Language of cataloging | eng |
| Transcribing agency | DLC |
| Description conventions | rda |
| Modifying agency | FISKH |
| 042 ## - AUTHENTICATION CODE | |
| Authentication code | pcc |
| 050 00 - LIBRARY OF CONGRESS CALL NUMBER | |
| Classification number | PZ7.P55223 |
| Item number | Bri 2012 |
| 082 04 - DEWEY DECIMAL CLASSIFICATION NUMBER | |
| Classification number | 823.92 |
| Edition number | 22 |
| 100 1# - MAIN ENTRY--PERSONAL NAME | |
| Personal name | Pichon, Liz. |
| 245 14 - TITLE STATEMENT | |
| Title | The brilliant world of Tom Gates / |
| Statement of responsibility, etc. | by Liz Pichon. |
| 264 #1 - PRODUCTION, PUBLICATION, DISTRIBUTION, MANUFACTURE, AND COPYRIGHT NOTICE | |
| Place of production, publication, distribution, manufacture | London : |
| Name of producer, publisher, distributor, manufacturer | Scholastic. |
| Date of production, publication, distribution, manufacture, or copyright notice | 2011. |
| 300 ## - PHYSICAL DESCRIPTION | |
| Extent | 238 pages : |
| Other physical details | ill. ; |
| Dimensions | 20 cm |
| 336 ## - CONTENT TYPE | |
| Content type term | text |
| Source | rdacontent |
| 336 ## - CONTENT TYPE | |
| Content type term | still image |
| Source | rdacontent |
| 337 ## - MEDIA TYPE | |
| Media type term | unmediated |
| Source | rdamedia |
| 338 ## - CARRIER TYPE | |
| Carrier type term | volume |
| Source | rdacarrier |
| 505 ## - FORMATTED CONTENTS NOTE | |
| Formatted contents note | M |
| 520 ## - SUMMARY, ETC. | |
| Summary, etc. | Tom Gates is the master of excuses for late homework: dog attacks, spilt water, lightening ... Tom's exercise book is full of his doodles, cartoons and thoughts, as well as comments from his long-suffering teacher, Mr Fullerton. After gaining five merits for his 'Camping Sucks' holiday story, Tom's work starts to go downhill, which is a pity, as he's desperate to impress Amy Porter, who sits next to him ... |
| 521 8# - TARGET AUDIENCE NOTE | |
| Target audience note | 650 <br/> |
| Source | Lexile |
| 521 8# - TARGET AUDIENCE NOTE | |
| Target audience note | M <br/> |
| Source | Raz-Plus |
| 650 #0 - SUBJECT ADDED ENTRY--TOPICAL TERM | |
| Topical term or geographic name entry element | Boys |
| Form subdivision | Juvenile fiction. |
| 650 #0 - SUBJECT ADDED ENTRY--TOPICAL TERM | |
| Topical term or geographic name entry element | Families |
| Form subdivision | Juvenile fiction. |
| 650 #0 - SUBJECT ADDED ENTRY--TOPICAL TERM | |
| Topical term or geographic name entry element | School children |
| Form subdivision | Juvenile fiction. |
| 655 #0 - INDEX TERM--GENRE/FORM | |
| Genre/form data or focus term | Children's stories. |
| 906 ## - LOCAL DATA ELEMENT F, LDF (RLIN) | |
| a | 7 |
| b | cbc |
| c | origres |
| d | 2 |
| e | ncip |
| f | 20 |
| g | y-gencatlg |
| 942 ## - ADDED ENTRY ELEMENTS (KOHA) | |
| Source of classification or shelving scheme | Dewey Decimal Classification |
| Koha item type | Books |
| Suppress in OPAC | No |
| Withdrawn status | Lost status | Source of classification or shelving scheme | Damaged status | Not for loan | Collection | Home library | Current library | Shelving location | Date acquired | Total Checkouts | Full call number | Barcode | Date last seen | Date last checked out | Price effective from | Koha item type |
|---|---|---|---|---|---|---|---|---|---|---|---|---|---|---|---|---|
| Dewey Decimal Classification | Damaged | Juvenile Fiction | Footprints International School Library Network Toul Kork Campus | Footprints International School Library Network Toul Kork Campus | TK Primary Library Room(4th Floor), Bookcase 5&6, Shelves 33-56, Orange Books | 03/29/2023 | 2 | PIC 823.92 PZ7.P55223 | FISTK00110 | 11/22/2023 | 09/27/2023 | 03/29/2023 | Books |
